[Event "Paris-ch op-A"]
[Site "Paris"]
[Date "2010.07.11"]
[Round "9"]
[White "Riddoch, Alan"]
[Black "Hauseux, Philippe"]
[Result "0-1"]
[WhiteElo "1899"]
[BlackElo "2003"]
[PlyCount "116"]
[EventDate "2010.07.03"]
[EventType "swiss"]
[EventRounds "9"]
[EventCountry "FRA"]
[SourceTitle "CBM 137 Extra"]
[Source "ChessBase"]
[SourceDate "2010.09.01"]
[SourceVersion "1"]
[SourceVersionDate "2010.09.01"]
[SourceQuality "1"]

1. e4 d5 2. e5 Bf5 3. d4 e6 4. Be3 c5 5. c3 Qb6 6. Qd2 Nc6 7. Nf3 Be4 8. Be2 Nh6 9. 0-0 Nf5 10. Rd1 Be7 11. a3 a5 12. Ne1 a4 13. Bf3 Bxf3 14. Nxf3 Nxe3 15. Qxe3 Qxb2 16. Nbd2 Qb6 17. Rdb1 Qa7 18. Nf1 0-0 19. Ng3 Na5 20. Rd1 cxd4 21. cxd4 Nc4 22. Qf4 b5 23. Nh5 f5 24. Ng5 Bxg5 25. Qxg5 Qf7 26. Rd3 Qg6 27. Qxg6 hxg6 28. Nf4 Kf7 29. Rg3 Rfd8 30. Rxg6 Nxa3 31. Rxe6 b4 32. Rb6 b3 33. h3 Rab8 34. Rxb8 Rxb8 35. Nd3 Nc2 36. Rxa4 b2 37. Nxb2 Rxb2 38. Kf1 f4 39. h4 Ke6 40. g4 f3 41. Kg1 Rb1+ 42. Kh2 Ra1 43. Rxa1 Nxa1 44. Kg3 Nc2 45. Kxf3 Nxd4+ 46. Ke3 Nc6 47. f4 Nxe5 48. fxe5 Kxe5 49. h5 d4+ 50. Kd3 Kf4 51. Kxd4 Kxg4 52. Ke3 Kxh5 53. Kf3 Kh4 54. Kg2 Kg4 55. Kg1 Kg3 56. Kh1 g5 57. Kg1 g4 58. Kh1 Kf2 0-1

[Event "Paris-ch op-A"]
[Site "Paris"]
[Date "2010.07.08"]
[Round "6"]
[White "Hauseux, Philippe"]
[Black "Benini, Fulvio"]
[Result "1-0"]
[WhiteElo "2003"]
[BlackElo "1899"]
[PlyCount "75"]
[EventDate "2010.07.03"]
[EventType "swiss"]
[EventRounds "9"]
[EventCountry "FRA"]
[SourceTitle "CBM 137 Extra"]
[Source "ChessBase"]
[SourceDate "2010.09.01"]
[SourceVersion "1"]
[SourceVersionDate "2010.09.01"]
[SourceQuality "1"]

1. e4 e5 2. d4 Nc6 3. d5 Nb8 4. Be3 Nf6 5. f3 d6 6. Nc3 Be7 7. Qd2 a6 8. 0-0-0 b5 9. g4 b4 10. Nce2 c5 11. dxc6 Nxc6 12. Kb1 Be6 13. Nh3 Qa5 14. Nc1 Rb8 15. Ng5 Bd7 16. Bc4 0-0 17. h4 Nd8 18. h5 Qc7 19. b3 a5 20. Nxf7 Nxf7 21. g5 Kh8 22. gxf6 gxf6 23. Bxf7 Rxf7 24. Rhg1 f5 25. f4 Bc6 26. fxe5 Bxe4 27. exd6 Bxd6 28. Bd4+ Be5 29. Bxe5+ Qxe5 30. Nd3 Qc7 31. h6 Rd7 32. Qc1 Bxd3 33. Qb2+ Qc3 34. Qxc3+ bxc3 35. Rxd3 Rxd3 36. cxd3 Rb6 37. Rh1 Rg6 38. Kc2 1-0

[Event "Paris-ch op-A"]
[Site "Paris"]
[Date "2010.07.04"]
[Round "2"]
[White "Hauseux, Philippe"]
[Black "Laine, Fabien"]
[Result "1-0"]
[WhiteElo "2003"]
[BlackElo "1824"]
[PlyCount "57"]
[EventDate "2010.07.03"]
[EventType "swiss"]
[EventRounds "9"]
[EventCountry "FRA"]
[SourceTitle "CBM 137 Extra"]
[Source "ChessBase"]
[SourceDate "2010.09.01"]
[SourceVersion "1"]
[SourceVersionDate "2010.09.01"]
[SourceQuality "1"]

1. e4 e6 2. d4 d5 3. Nc3 dxe4 4. Nxe4 Nd7 5. Nf3 Ngf6 6. Bg5 Be7 7. Nxf6+ Nxf6 8. Bd3 c5 9. dxc5 Qa5+ 10. Qd2 Qxd2+ 11. Nxd2 Bxc5 12. Ne4 Be7 13. Nxf6+ gxf6 14. Be3 Bd7 15. Be4 Bc6 16. Bxc6+ bxc6 17. Ke2 Bd6 18. Rhd1 Ke7 19. Rd3 c5 20. Rad1 Rhd8 21. Rxd6 Rxd6 22. Bxc5 Rad8 23. b4 e5 24. c4 Ke6 25. Rxd6+ Rxd6 26. Bxd6 Kxd6 27. a4 Kc6 28. g4 Kd6 29. Ke3 1-0

[Event "Paris-ch op-A"]
[Site "Paris"]
[Date "2010.07.03"]
[Round "1"]
[White "Papion du Chateau, Mathieu"]
[Black "Hauseux, Philippe"]
[Result "1/2-1/2"]
[WhiteElo "1819"]
[BlackElo "2003"]
[PlyCount "91"]
[EventDate "2010.07.03"]
[EventType "swiss"]
[EventRounds "9"]
[EventCountry "FRA"]
[SourceTitle "CBM 137 Extra"]
[Source "ChessBase"]
[SourceDate "2010.09.01"]
[SourceVersion "1"]
[SourceVersionDate "2010.09.01"]
[SourceQuality "1"]

1. d4 d5 2. c4 c6 3. Nc3 Nf6 4. e3 e6 5. Nf3 Nbd7 6. Bd3 Be7 7. 0-0 0-0 8. Re1 Qc7 9. e4 dxe4 10. Nxe4 Nxe4 11. Bxe4 Nf6 12. Bc2 c5 13. Bg5 cxd4 14. Qd3 g6 15. Qxd4 Nh5 16. Rad1 Bxg5 17. Nxg5 Qf4 18. Qxf4 Nxf4 19. Ne4 b6 20. Nd6 Ba6 21. Re4 Nh5 22. Red4 Nf6 23. Ne4 Nxe4 24. Bxe4 Rac8 25. b3 Rc7 26. Rd7 Rfc8 27. g3 Kf8 28. Kg2 Ke8 29. Rxc7 Rxc7 30. f4 Ke7 31. Kf3 Bb7 32. Bxb7 Rxb7 33. Ke4 Rc7 34. a3 Rc5 35. Rd3 Rh5 36. h4 Rc5 37. Kd4 Rc7 38. b4 Kd6 39. Ke4+ Ke7 40. Rd4 Rc8 41. g4 h6 42. Ke5 a5 43. g5 hxg5 44. hxg5 Rc6 45. Re4 Rc7 46. Rd4 1/2-1/2

[Event "Cannes op"]
[Site "Cannes"]
[Date "2007.02.24"]
[Round "8"]
[White "Hauseux, Philippe"]
[Black "Fontaine, Pierre"]
[Result "1-0"]
[WhiteElo "2061"]
[BlackElo "2127"]
[PlyCount "90"]
[EventDate "2007.02.18"]
[EventType "swiss"]
[EventRounds "9"]
[EventCountry "FRA"]
[SourceTitle "CBM 116 Extra"]
[Source "ChessBase"]
[SourceDate "2007.03.07"]
[SourceVersion "1"]
[SourceVersionDate "2007.03.07"]
[SourceQuality "1"]

1. e4 c6 2. d4 d5 3. exd5 cxd5 4. c4 Nf6 5. Nc3 Nc6 6. Nf3 Bg4 7. cxd5 Nxd5 8. Qb3 Bxf3 9. gxf3 e6 10. Qxb7 Nxd4 11. Bb5+ Nxb5 12. Qc6+ Ke7 13. Qxb5 Rc8 14. Bd2 f6 15. 0-0 Kf7 16. Nxd5 Qxd5 17. Qxd5 exd5 18. Bc3 Bc5 19. Rad1 Rhd8 20. Rd2 Rd7 21. Rfd1 Ke6 22. Kf1 Bb6 23. Ke2 Rc4 24. Kf1 Rh4 25. Kg2 Bc7 26. h3 Bb6 27. b3 d4 28. Bb2 Rd5 29. Re1+ Kf5 30. Red1 Kg6 31. a3 Rg5+ 32. Kf1 Rxh3 33. Bxd4 Bxd4 34. Rxd4 Rxf3 35. Rb4 h5 36. Ke2 Rgf5 37. Rg1+ Kh6 38. Rg2 g5 39. Rb7 a5 40. Rb8 Rc3 41. a4 h4 42. Kd2 Rff3 43. Rb5 Rxb3 44. Rxa5 Rb2+ 45. Kc1 Rbxf2 1-0

[Event "Cannes op"]
[Site "Cannes"]
[Date "2007.02.23"]
[Round "7"]
[White "Hauseux, Philippe"]
[Black "Arduin, Antoine"]
[Result "1-0"]
[WhiteElo "2061"]
[BlackElo "1876"]
[PlyCount "83"]
[EventDate "2007.02.18"]
[EventType "swiss"]
[EventRounds "9"]
[EventCountry "FRA"]
[SourceTitle "CBM 116 Extra"]
[Source "ChessBase"]
[SourceDate "2007.03.07"]
[SourceVersion "1"]
[SourceVersionDate "2007.03.07"]
[SourceQuality "1"]

1. e4 e6 2. d4 c5 3. Nf3 cxd4 4. Nxd4 Nc6 5. Nc3 a6 6. Nxc6 bxc6 7. Bd3 d5 8. 0-0 Bc5 9. Qg4 Kf8 10. e5 Qc7 11. Bf4 Rb8 12. Rab1 Bd4 13. Qg3 Ne7 14. Rfe1 Rxb2 15. Rxb2 Bxc3 16. Reb1 Bxb2 17. Rxb2 c5 18. c3 Nc6 19. Rc2 Bb7 20. h4 Qb6 21. Qe3 h6 22. Qc1 c4 23. Rb2 Qc7 24. Bc2 Ke7 25. Qb1 Rb8 26. Be3 Bc8 27. Bc5+ Ke8 28. Ba4 Rxb2 29. Qxb2 Qb7 30. Qc2 g6 31. Qc1 Bd7 32. Qxh6 Kd8 33. Bd6 Be8 34. Qc1 Qb6 35. g4 Nxe5 36. Bxe5 Bxa4 37. Qh6 Qb1+ 38. Kh2 Qe1 39. Qf8+ Kd7 40. Qxf7+ Kd8 41. Bd6 Bd7 42. Qf8+ 1-0

[Event "Cannes op"]
[Site "Cannes"]
[Date "2007.02.21"]
[Round "5"]
[White "Derieux, Christian"]
[Black "Hauseux, Philippe"]
[Result "1-0"]
[WhiteElo "2134"]
[BlackElo "2061"]
[PlyCount "67"]
[EventDate "2007.02.18"]
[EventType "swiss"]
[EventRounds "9"]
[EventCountry "FRA"]
[SourceTitle "CBM 116 Extra"]
[Source "ChessBase"]
[SourceDate "2007.03.07"]
[SourceVersion "1"]
[SourceVersionDate "2007.03.07"]
[SourceQuality "1"]

1. d4 d5 2. c4 c6 3. Nf3 Nf6 4. Nc3 dxc4 5. a4 Bf5 6. Ne5 e6 7. f3 Bb4 8. g4 Nxg4 9. Nxg4 Bxg4 10. fxg4 Qh4+ 11. Kd2 Qxg4 12. e3 Qe4 13. Bxc4 c5 14. Bd3 Qg2+ 15. Be2 cxd4 16. exd4 Nc6 17. Kc2 Nxd4+ 18. Qxd4 Bxc3 19. bxc3 Qxe2+ 20. Kb3 0-0 21. Bh6 e5 22. Qg1 g6 23. Bxf8 Rxf8 24. Qxa7 Rc8 25. Rac1 Qc4+ 26. Kb2 b5 27. Qe7 Rc5 28. Rc2 b4 29. Rd1 bxc3+ 30. Ka3 Kg7 31. Qd6 f5 32. Rd3 e4 33. Qe7+ Kh6 34. Rh3# 1-0

[Event "Cannes op"]
[Site "Cannes"]
[Date "2007.02.18"]
[Round "1"]
[White "Dubreuil, Julien"]
[Black "Hauseux, Philippe"]
[Result "1-0"]
[WhiteElo "2278"]
[BlackElo "2061"]
[PlyCount "57"]
[EventDate "2007.02.18"]
[EventType "swiss"]
[EventRounds "9"]
[EventCountry "FRA"]
[SourceTitle "CBM 116 Extra"]
[Source "ChessBase"]
[SourceDate "2007.03.07"]
[SourceVersion "1"]
[SourceVersionDate "2007.03.07"]
[SourceQuality "1"]

1. c4 e5 2. g3 Nf6 3. Bg2 Nc6 4. Nc3 Bb4 5. Nd5 0-0 6. e3 Be7 7. Ne2 d6 8. h3 Be6 9. d4 Bd7 10. 0-0 Qc8 11. Kh2 Bd8 12. Bd2 h6 13. Rc1 Nh7 14. c5 Qb8 15. b4 Ne7 16. Nxe7+ Bxe7 17. Bc3 f6 18. dxe5 fxe5 19. Bxe5 Bc6 20. Bd5+ Kh8 21. cxd6 cxd6 22. Ba1 Ng5 23. Nf4 Qe8 24. h4 Nh7 25. Qg4 Nf6 26. Ng6+ Kh7 27. Nxf8+ Qxf8 28. Bxf6 Bxd5 29. Bxe7 1-0

[Event "Cap d'Agde Cavalier op"]
[Site "Cap d'Agde"]
[Date "2003.10.26"]
[Round "3"]
[White "Hauseux, Philippe"]
[Black "Pieroni, Guillaume"]
[Result "1/2-1/2"]
[WhiteElo "1969"]
[BlackElo "2082"]
[PlyCount "98"]
[EventDate "2003.10.??"]
[EventType "swiss"]
[EventRounds "9"]
[EventCountry "FRA"]
[SourceTitle "EXT 2005"]
[Source "ChessBase"]
[SourceDate "2004.11.15"]
[SourceVersion "1"]
[SourceVersionDate "2004.11.15"]
[SourceQuality "1"]

1. e4 e6 2. d4 d5 3. exd5 exd5 4. Bd3 Nc6 5. c3 Bd6 6. Nf3 Bg4 7. Nbd2 Nf6 8. 0-0 0-0 9. Re1 Qd7 10. Nf1 Rae8 11. Rxe8 Rxe8 12. Ne3 Bh5 13. Bd2 Ne4 14. Be1 Bf4 15. Nf1 Bg4 16. Be2 Qe7 17. Ne5 Bxe2 18. Nxc6 Qd7 19. Qxe2 Nxc3 20. Qf3 Ne2+ 21. Kh1 Qxc6 22. Ne3 Qh6 23. Ng4 Qg5 24. g3 h5 25. Ne3 Nxg3+ 26. hxg3 Bxg3 27. Qxg3 Qxg3 28. fxg3 Rxe3 29. Kg1 Re2 30. Bc3 f6 31. Re1 Rxe1+ 32. Bxe1 Kf7 33. Kf2 Ke6 34. Kf3 Kf5 35. Bd2 c6 36. a4 g5 37. Be1 Ke6 38. Bb4 Kf5 39. a5 Ke6 40. Bc5 a6 41. Bb6 Kd6 42. Bd8 Ke6 43. Bc7 Kd7 44. Bb8 Ke6 45. Bc7 Kd7 46. Bb6 Ke7 47. Ke3 Kd7 48. Bc5 Ke6 49. Ba7 Kd7 1/2-1/2

[Event "Paris op-1"]
[Site "Paris"]
[Date "1989.??.??"]
[Round "?"]
[White "Hauseux, Philippe"]
[Black "Palvolgyi, Istvan"]
[Result "0-1"]
[WhiteElo "1950"]
[BlackElo "2260"]
[PlyCount "63"]
[EventDate "1989.??.??"]
[EventType "swiss"]
[EventRounds "9"]
[EventCountry "FRA"]
[SourceTitle "TD"]
[Source "ChessBase"]
[SourceDate "1994.03.01"]
[SourceVersion "1"]
[SourceVersionDate "1994.03.01"]
[SourceQuality "1"]

1. c4 Nf6 2. Nc3 c5 3. Nf3 d5 4. cxd5 Nxd5 5. g3 Nc6 6. Bg2 Nc7 7. 0-0 e5 8. d3 Be7 9. Be3 0-0 10. Na4 Ne6 11. Rc1 Qa5 12. Nd2 Bd7 13. Nc4 Qc7 14. Nc3 f6 15. Nd5 Qd8 16. Nxe7+ Qxe7 17. Bd2 Rac8 18. f4 exf4 19. gxf4 Ned4 20. e3 Nf5 21. Bd5+ Be6 22. Bxe6+ Qxe6 23. e4 Nfd4 24. f5 Qe7 25. Qh5 Rfd8 26. Rf4 Qf7 27. Qd1 b5 28. Ne3 Ne5 29. Nd5 Nxd3 30. Rg4 Nxc1 31. Bxc1 Rxd5 32. exd5 0-1